000 00344nam a2200133Ia 4500
008 240624s9999 xx 000 0 und d
041 _aeng
082 _a339.40973 DAL
100 _aDALZELL ROBERT F
245 _aGOOD RICH AND WHAT THEY COST US
260 _c2013
_aLondon
_bYale University Press
300 _a199 p.; 23 cm.
365 _c
_b35
999 _c31620
_d31620